[Event "Florianopolis op 2nd"]
[Site "Florianopolis"]
[Date "2016.01.17"]
[Round "3"]
[White "Oliveira, Fernando Ventura"]
[Black "Cunha, Lucas Aguiar"]
[Result "1/2-1/2"]
[WhiteElo "2091"]
[BlackElo "2315"]
[PlyCount "141"]
[EventDate "2016.01.16"]
[EventType "swiss"]
[EventRounds "10"]
[EventCountry "BRA"]
[SourceTitle "CBM 170 Extra"]
[Source "ChessBase"]
[SourceDate "2016.02.25"]
[SourceVersion "1"]
[SourceVersionDate "2016.02.25"]
[SourceQuality "1"]

1. e4 c5 2. Nf3 e6 3. g3 Nc6 4. Bg2 e5 5. 0-0 g6 6. c3 Bg7 7. Qe2 Nge7 8. Na3 0-0 9. d3 d6 10. h3 h6 11. Nc2 f5 12. Rd1 Qe8 13. Nh2 f4 14. d4 fxg3 15. fxg3 cxd4 16. cxd4 Nxd4 17. Nxd4 exd4 18. Bf4 Nc6 19. Bxd6 Rf6 20. Ba3 Qe5 21. Qd3 h5 22. Rf1 Rxf1+ 23. Nxf1 Bh6 24. Qb3+ Qe6 25. Qd5 Qf7 26. Qxf7+ Kxf7 27. Rd1 Be6 28. b3 Rd8 29. Bc1 Bf8 30. Bg5 Rd7 31. Nd2 Nb4 32. Nf3 Bg7 33. Rd2 d3 34. a3 Nc6 35. Bf1 Bc3 36. Rxd3 Rxd3 37. Bxd3 Bxb3 38. Bc1 Ne5 39. Nxe5+ Bxe5 40. Kf2 Ke7 41. g4 h4 42. Bg5+ Ke6 43. Bc1 Kd6 44. Ke2 a5 45. Bd2 b6 46. Bb5 Kc5 47. a4 Bc4+ 48. Bxc4 Kxc4 49. Be3 Bc7 50. g5 Kb4 51. e5 Bxe5 52. Bxb6 Kxa4 53. Bc5 Kb5 54. Ba3 Kc4 55. Ke3 Kd5 56. Kf3 Bd6 57. Bb2 a4 58. Kg4 a3 59. Bxa3 Bxa3 60. Kxh4 Bb4 61. Kg4 Be1 62. Kf4 Kd4 63. Kf3 Ke5 64. Kg4 Ke4 65. h4 Bxh4 66. Kxh4 Kf5 67. Kh3 Kxg5 68. Kg3 Kf5 69. Kf3 g5 70. Kg3 g4 71. Kg2 1/2-1/2

[Event "Florianopolis op 2nd"]
[Site "Florianopolis"]
[Date "2016.01.16"]
[Round "1"]
[White "Oliveira, Fernando Ventura"]
[Black "Leszczynski, Taynara"]
[Result "1-0"]
[WhiteElo "2091"]
[BlackElo "1634"]
[PlyCount "83"]
[EventDate "2016.01.16"]
[EventType "swiss"]
[EventRounds "10"]
[EventCountry "BRA"]
[SourceTitle "CBM 170 Extra"]
[Source "ChessBase"]
[SourceDate "2016.02.25"]
[SourceVersion "1"]
[SourceVersionDate "2016.02.25"]
[SourceQuality "1"]

1. c4 c5 2. Nc3 Nf6 3. g3 g6 4. Bg2 Bg7 5. d3 0-0 6. e4 e5 7. Nge2 Nc6 8. 0-0 d6 9. h3 Be6 10. f4 exf4 11. Nxf4 a6 12. Nfd5 Bxd5 13. exd5 Ne7 14. Bg5 Nd7 15. Qe2 f6 16. Qe6+ Kh8 17. Bf4 Ne5 18. Ne4 Nc8 19. Bxe5 fxe5 20. Rxf8+ Bxf8 21. Rf1 Qe7 22. Rf7 Qxe6 23. dxe6 Be7 24. Nc3 Ra7 25. a4 b6 26. Bc6 Kg8 27. Nd5 Bd8 28. Bd7 Ra8 29. e7 Bxe7 30. Be6 Kh8 31. Nxe7 Nxe7 32. Rxe7 b5 33. axb5 axb5 34. cxb5 Rb8 35. Bc4 d5 36. Bxd5 Rxb5 37. b3 Ra5 38. Rxe5 Ra1+ 39. Kf2 Rd1 40. Bc4 Rd2+ 41. Kf3 Rd1 42. Rxc5 1-0

[Event "Baeta Neves op 3rd"]
[Site "Baeta Neves"]
[Date "2015.09.24"]
[Round "1"]
[White "Oliveira, Fernando Ventura"]
[Black "Assef, Nathaly Regina Reis"]
[Result "1-0"]
[WhiteElo "2050"]
[BlackElo "1528"]
[PlyCount "51"]
[EventDate "2015.09.24"]
[EventType "swiss"]
[EventRounds "6"]
[EventCountry "BRA"]
[SourceTitle "EXT 2016"]
[Source "ChessBase"]
[SourceDate "2015.10.08"]
[SourceVersion "1"]
[SourceVersionDate "2015.10.08"]
[SourceQuality "1"]

1. c4 e5 2. g3 Nf6 3. Bg2 Nc6 4. e4 Bc5 5. h3 d6 6. Nc3 a6 7. d3 Be6 8. Nge2 0-0 9. 0-0 Qd7 10. Kh2 Rab8 11. f4 exf4 12. gxf4 Qe8 13. f5 Bc8 14. Qe1 Nd4 15. Qh4 Nc2 16. Rb1 Nb4 17. Rf3 Nd7 18. f6 Nxf6 19. d4 Ba7 20. Rxf6 Bxd4 21. Rf3 Be5+ 22. Bf4 Nc6 23. Nd5 Qd7 24. Rg3 Re8 25. Bxe5 Nxe5 26. Nf6+ 1-0

[Event "Sao Paulo op-A 3rd"]
[Site "Sao Paulo"]
[Date "2015.09.20"]
[Round "5"]
[White "Carstens Dobuchak, Thiago"]
[Black "Oliveira, Fernando Ventura"]
[Result "0-1"]
[WhiteElo "2010"]
[BlackElo "2050"]
[PlyCount "86"]
[EventDate "2015.09.17"]
[EventType "swiss"]
[EventRounds "6"]
[EventCountry "BRA"]
[SourceTitle "EXT 2016"]
[Source "ChessBase"]
[SourceDate "2015.10.08"]
[SourceVersion "1"]
[SourceVersionDate "2015.10.08"]
[SourceQuality "1"]

1. e4 c5 2. Nf3 g6 3. Bc4 Bg7 4. c3 e6 5. d4 cxd4 6. Nxd4 a6 7. 0-0 Ne7 8. Be3 b5 9. Bb3 Bb7 10. Nd2 0-0 11. Qe2 Nbc6 12. f4 d5 13. e5 Nxd4 14. Bxd4 Nf5 15. g4 Nxd4 16. cxd4 Qb6 17. Nf3 f6 18. Rad1 f5 19. g5 Rfc8 20. h4 a5 21. Bc2 Rc7 22. Bd3 Rac8 23. h5 b4 24. Kf2 a4 25. Kg3 b3 26. Nh4 Kf7 27. Rh1 Rc2 28. Bxc2 bxc2 29. hxg6+ hxg6 30. Rc1 Ba6 31. Qd2 Qxb2 32. Ng2 Bd3 33. Ne1 Be4 34. Rh2 Rc3+ 35. Kh4 Bf8 36. Nxc2 Be7 37. Re2 Rd3 38. Qe1 Qb8 39. Re3 Qh8+ 40. Kg3 Qh5 41. Rxd3 Qg4+ 42. Kf2 Qg2+ 43. Ke3 Qf3+ 0-1